000
00306nam a2200133Ia 4500
005
20251222141818.0
008
251222s9999||||xx |||||||||||||| ||spa||
020
_a
84-206-3800-5
082
_a
868.611/A36A
100
_a
Alberti, Rafael
245
0
_a
Antología Poética
264
_b
Alianza
942
_c
LIB
999
_c
6695
_d
6695